000 00815nam a2200265 a 4500
001 BRCA_5549
005 20190320205127.0
008 280311s1927----sp-a######---#001-0#spa-#
041 _aspa
044 _asp
050 4 _aN5277
_b.L38
_c1927
100 1 _aRuck, William
_914159
245 1 0 _aLa colección Lázaro de Madrid
_cWilliam Ruck... [et al.].
260 _aMadrid
_bLa España Moderna
_c1927
300 _a547 p.
_bil., 1057 láminas
_c25 cm.
500 _aF25
500 _aVer también Y46 (1a. parte)
500 _aContiene índice temático
650 1 4 _aArtes decorativas
_vColeccionistas y colecciones
_zEspaña
_914160
700 1 _aBerenson, Mary
_ecoaut.
_914161
700 1 _aBerenson, Bernard
_ecoaut.
_97754
700 1 _aMayer, August L.
_ecoaut.
_914162
902 _aGFM
942 _2lcc
_cB
999 _c5243
_d5243